Responses for show #575 - Friday, February 20, 1987

1987 Teen Tournament quarterfinal game 5.

Contestants

[<< previous game]

David Simon, a senior at Jonathan Dayton High School from Mountainside, New Jersey

Felicia Corralez, a junior at Belmont High School from Los Angeles, California

Mike Becker, a senior at Jesuit High School from Gretna, Louisiana

[next game >>]

Jeopardy! Round responses

MUSICAL INSTRUMENTS
ENGLAND
COMIC BOOKS
RITUALS
STUDENTS ON TV
N.E.W.S.
(Alex: They stand for north, east, west or south.)
    $100 2
accordion

David
    $100 8
license

Felicia
    $100 1
Wonder Woman

David
    $100 13
Trick or treat!

Mike
    $100 17
John Travolta

Mike
    $100 16
(Mike: What is West?)

East

MikeFelicia
    $200 3
violin

Mike
    $200 9
Stratford-on-Avon

Mike
    $200 4
shazam

Mike
    $200 14
kissing

Mike
    $200 18
Head of the Class

Felicia
    $200 24
(Oliver) North

David
    $300 7
frets

Felicia
    $300 10
Cambridge

David
    $200 5
[The music was not reprised going into the break.]

Christopher Reeve

Mike
    $300 15
champagne

David
    $300 22
(Alex: Denise & Sondra)

2

Felicia
    $300 25
(Alex: We've got less than a minute to go.)

(Clint) Eastwood

Mike
    $400 11
tissue paper

David
    $400 19
Parliament

Mike
    $400 6
Spider-Man

David
    $400 20
rice

Mike
    $400 23
Facts of Life

David
    $400 28
South Bend

Mike
    $500 12
bells

Mike
    $500 27
the monarch (Queen Elizabeth II)

Triple Stumper
    $500 30
Elvira

Felicia
    $500 21
Ganges

Mike
    $500 26
Fame

Felicia
    $500 29
West Bend

Felicia

Scores at the first commercial break (after clue 12):

Mike Felicia David
$1,300 $400 $1,300

Scores at the end of the Jeopardy! Round:

Mike Felicia David
$3,600 $2,500 $2,200

Double Jeopardy! Round responses

BOTANY
INITIALS
ANCIENT TIMES
SPORTS
MATH CLASS
FROM THE FRENCH
    $200 7
prune

Felicia
    $200 6
Internal Revenue Service

Mike
    $200 14
elephants

David
    $200 12
(Felicia: What is the free-throw line?)

3-point line

MikeFelicia
    $200 1
radius

Mike
    $200 25
reservoir

David
    $400 19
(Alex: Yes, there's an irritating oil between the shell and the nut.)

poison ivy

Mike
    $400 8
Pacific

Mike
    $400 15
kite

Felicia
    $400 13
soccer

Felicia
    $400 2
$5

Mike
    $400 26
elite

David
    $600 22
bulbs

David
    $600 9
cardiopulmonary resuscitation

David
    $600 16
Rome

Mike
    $600 17
Sarajevo

David
    $1,100 3
90

Mike
    $600 27
(Felicia: What is ESP?)

clairvoyance

Felicia
Triple Stumper
    $800 23
(Alex: We've got about a minute to go, David.)

roses

Triple Stumper
    $800 10
i.e.

Mike
    $600 18
papyrus

David
    $800 20
(Mike: What is a field goal?)

touchdown

Mike
Triple Stumper
    $800 4
(Mike: What is the extreme?)
(Alex: Be more specific.)
(Mike: What is the two extremes?)

the product of the extremes

Mike
Triple Stumper
    $800 28
[The end of the round signals.]

dinner or supper

Triple Stumper
    $1000 11
CBC

Triple Stumper
    $1000 24
(2 of) snow, rain, sleet and gloom of night

Triple Stumper
    $1000 21
rings

Mike
    $1000 5
(Felicia: What is cube?)

cube root (roots)

FeliciaDavid

Scores at the end of the Double Jeopardy! Round:

Mike Felicia David
$7,300 $1,700 $6,400

Final Jeopardy! Round responses

WEIGHTS & MEASURES
FeliciaWhat is Gemini?
$1,700
DavidWhat is Libra?
$901
MikeWhat is Gemini?
$300
Libra

Final scores:

Mike Felicia David
$7,000 $0 $7,301
2nd place: $1,000 if eliminated 3rd place: $1,000 if eliminated Automatic semifinalist

Game dynamics:

Coryat scores:

Mike Felicia David
$6,900 $1,700 $6,600
23 R
(including 2 DDs),
3 W
11 R,
3 W
16 R
(including 1 DD),
0 W

Combined Coryat: $15,200

The J! Archive is created by fans, for fans. The Jeopardy! game show and all elements thereof, including but not limited to copyright and trademark thereto, are the property of Jeopardy Productions, Inc. and are protected under law. This website is not affiliated with, sponsored by, or operated by Jeopardy Productions, Inc. Join the discussion at JBoard.tv.